[Event "COL-chT"]
[Site "Risaralda"]
[Date "2023.11.21"]
[Round "5.2"]
[White "Culma, Ruben"]
[Black "Bolanos Lopez, Juan Jacobo"]
[Result "0-1"]
[WhiteElo "2007"]
[BlackElo "1958"]
[PlyCount "88"]
[EventDate "2023.11.19"]
[EventType "team-swiss"]
[EventRounds "7"]
[EventCountry "COL"]
[SourceTitle "CB49_2023"]
[SourceDate "2023.12.06"]
[SourceVersion "1"]
[SourceVersionDate "2023.12.06"]
[SourceQuality "1"]
[WhiteTeam "Huila"]
[BlackTeam "Cauca"]
[WhiteTeamCountry "COL"]
[BlackTeamCountry "COL"]

1. d4 Nf6 2. Nf3 d5 3. c4 e6 4. a3 Be7 5. Nc3 0-0 6. e3 b6 7. cxd5 exd5 8. Bd3 c5 9. 0-0 Nc6 10. h3 Bb7 11. Bd2 a6 12. Rc1 c4 13. Bc2 b5 14. Re1 Re8 15. Ne5 Nxe5 16. dxe5 Nd7 17. f4 Qb6 18. Qg4 Rad8 19. Ne2 Bc8 20. Qg3 Bc5 21. Kh1 Nf8 22. Nd4 a5 23. Nf3 b4 24. axb4 Bxb4 25. Bc3 Bxc3 26. bxc3 Bd7 27. Rb1 Qc5 28. Nd4 a4 29. e4 dxe4 30. Bxe4 a3 31. Ra1 Rb8 32. Nc2 Rb3 33. Kh2 Bc6 34. Bxc6 Qxc6 35. Rxa3 Rxa3 36. Nxa3 Qa4 37. Nb1 Qc2 38. Qe3 Rd8 39. Qe4 Qa2 40. f5 Qa6 41. Re2 Rd3 42. Rb2 Qa7 43. Rb7 Qf2 44. Na3 Qg3+ 0-1

[Event "COL-chT"]
[Site "Risaralda"]
[Date "2023.11.19"]
[Round "1.2"]
[White "Culma, Ruben"]
[Black "Palomeque Parra, Pedro Antonio"]
[Result "1-0"]
[WhiteElo "2007"]
[BlackElo "1623"]
[PlyCount "95"]
[EventDate "2023.11.19"]
[EventType "team-swiss"]
[EventRounds "7"]
[EventCountry "COL"]
[SourceTitle "CB49_2023"]
[SourceDate "2023.12.06"]
[SourceVersion "1"]
[SourceVersionDate "2023.12.06"]
[SourceQuality "1"]
[WhiteTeam "Huila"]
[BlackTeam "Choco"]
[WhiteTeamCountry "COL"]
[BlackTeamCountry "COL"]

1. d4 d5 2. Nf3 Nf6 3. c4 c6 4. Nc3 Bf5 5. e3 e6 6. a3 Be7 7. Ne5 Nbd7 8. g4 Bg6 9. Nxg6 hxg6 10. cxd5 Nxd5 11. Bd2 Qc7 12. h3 Bh4 13. Qf3 N7f6 14. e4 Nb6 15. Bf4 Qd7 16. 0-0-0 Nh7 17. d5 0-0 18. dxc6 Qxc6 19. Bb5 Qc5 20. Bd6 Qxf2 21. Qxf2 Bxf2 22. Bxf8 Nxf8 23. Kb1 g5 24. Rhf1 Be3 25. Rf3 Bf4 26. h4 Ng6 27. hxg5 Bxg5 28. Rh3 Nf4 29. Rh2 a6 30. Rdh1 Ng6 31. Bd3 Rd8 32. Kc2 e5 33. b4 f6 34. a4 Rd4 35. a5 Nc4 36. Bxc4+ Rxc4 37. Kb3 Rc6 38. Rd1 b5 39. Rd8+ Kf7 40. Rd7+ Kg8 41. Nd5 Rc4 42. Rc2 Rxe4 43. Rc8+ Kh7 44. Rcc7 Nf8 45. Rxg7+ Kh8 46. Rgf7 Kg8 47. Nxf6+ Bxf6 48. Rxf6 1-0

[Event "Rivera Huila Hernandez Memorial-B"]
[Site "Rivera Huila"]
[Date "2023.07.22"]
[Round "5"]
[White "Culma, Ruben"]
[Black "Duran Cardoso, Nicolas"]
[Result "0-1"]
[WhiteElo "2044"]
[BlackElo "1450"]
[PlyCount "106"]
[EventDate "2023.07.20"]
[EventType "swiss"]
[EventRounds "7"]
[EventCountry "COL"]
[SourceTitle "CBM 215 Extra"]
[Source "ChessBase"]
[SourceDate "2023.09.30"]
[SourceVersion "1"]
[SourceVersionDate "2023.09.30"]
[SourceQuality "1"]

1. Nf3 Nf6 2. g3 e6 3. Bg2 Be7 4. 0-0 0-0 5. b3 d5 6. Bb2 c5 7. e3 Nc6 8. d3 Qc7 9. Nbd2 b5 10. Re1 Ba6 11. c4 bxc4 12. dxc4 Rad8 13. Qc1 Nd7 14. cxd5 exd5 15. a3 Nde5 16. Nxe5 Nxe5 17. Bxe5 Qxe5 18. Qc2 f5 19. Rac1 Rc8 20. Red1 Rfd8 21. Nb1 d4 22. exd4 cxd4 23. Qd2 Bf6 24. a4 Be2 25. Re1 d3 26. Bf3 Rxc1 27. Qxc1 Qb2 28. Qc4+ Kh8 29. Bxe2 dxe2 30. Qxe2 Qxb3 31. Qe8+ Rxe8 32. Rxe8+ Qg8 33. Rxg8+ Kxg8 34. Kf1 Kf7 35. Ke2 Ke6 36. Kd3 Kd5 37. Na3 Kc5 38. Nc2 Be5 39. h3 g6 40. g4 fxg4 41. hxg4 Bb2 42. f4 h5 43. gxh5 gxh5 44. Ke4 h4 45. Ne1 Bf6 46. Kf5 Bd8 47. Nf3 Kb4 48. Kg4 Kxa4 49. Nxh4 Kb4 50. Nf3 a5 51. Ne5 Kc5 52. Nd3+ Kd4 53. Ne5 Kc5 0-1

[Event "COL-ch"]
[Site "Bogota"]
[Date "2018.11.07"]
[Round "3"]
[White "Aldana, Omar"]
[Black "Culma, Ruben"]
[Result "0-1"]
[WhiteElo "1802"]
[BlackElo "2022"]
[PlyCount "80"]
[EventDate "2018.11.06"]
[EventType "swiss"]
[EventRounds "9"]
[EventCountry "COL"]
[SourceTitle "CBM 187 Extra"]
[Source "ChessBase"]
[SourceDate "2018.11.04"]
[SourceVersion "1"]
[SourceVersionDate "2018.11.04"]
[SourceQuality "1"]

1. d4 Nf6 2. c4 c5 3. d5 b5 4. b3 g6 5. Bb2 Bg7 6. f3 bxc4 7. bxc4 0-0 8. e4 d6 9. Bd3 e6 10. Ne2 Na6 11. Nd2 Nb4 12. Bb1 exd5 13. a3 Na6 14. cxd5 Nc7 15. 0-0 Ba6 16. Re1 Rb8 17. Bc3 Bxe2 18. Qxe2 Nb5 19. Bb2 Nd4 20. Bxd4 cxd4 21. Ra2 Re8 22. Qf2 Nd7 23. Qg3 Be5 24. f4 Bg7 25. Bd3 Nc5 26. Bc4 Qa5 27. Rc2 Rb7 28. Bf1 Rbe7 29. Qf3 f5 30. e5 dxe5 31. Bc4 e4 32. Qf1 d3 33. d6+ Re6 34. Bxe6+ Nxe6 35. d7 Rd8 36. Rc6 Qxd2 37. Rxe6 Rxd7 38. Kh1 Kf7 39. Rc6 e3 40. Rd1 e2 0-1

[Event "COL-ch"]
[Site "Bogota"]
[Date "2018.11.07"]
[Round "2"]
[White "Culma, Ruben"]
[Black "Celis Vargas, Walter Enrique"]
[Result "1-0"]
[WhiteElo "2022"]
[BlackElo "1689"]
[PlyCount "39"]
[EventDate "2018.11.06"]
[EventType "swiss"]
[EventRounds "9"]
[EventCountry "COL"]
[SourceTitle "CBM 187 Extra"]
[Source "ChessBase"]
[SourceDate "2018.11.04"]
[SourceVersion "1"]
[SourceVersionDate "2018.11.04"]
[SourceQuality "1"]

1. d4 Nf6 2. c4 e5 3. dxe5 Ng4 4. Nf3 Nc6 5. Nc3 Ngxe5 6. e3 Bb4 7. Bd2 0-0 8. a3 Be7 9. Nd5 a5 10. Bc3 d6 11. Be2 Bg4 12. Nxe5 Bxe2 13. Nxc6 bxc6 14. Nxe7+ Qxe7 15. Qxe2 Qe6 16. 0-0 Rfb8 17. Rad1 Rb3 18. Rd4 a4 19. Qh5 Qg6 20. Qf3 1-0

[Event "Pan American-ch Seniors 50"]
[Site "Neiva"]
[Date "2017.10.15"]
[Round "8"]
[White "Culma, Ruben"]
[Black "Leal Ortega, Jose del Carmen"]
[Result "1-0"]
[WhiteElo "2044"]
[BlackElo "1684"]
[PlyCount "27"]
[EventDate "2017.10.11"]
[EventType "swiss"]
[EventRounds "9"]
[EventCountry "COL"]
[SourceTitle "CBM 181 Extra"]
[Source "ChessBase"]
[SourceDate "2017.12.12"]
[SourceVersion "1"]
[SourceVersionDate "2017.12.12"]
[SourceQuality "1"]

1. d4 Nf6 2. c4 e5 3. dxe5 Ng4 4. Nf3 Nc6 5. Nc3 Bb4 6. Bd2 Ngxe5 7. Nxe5 Nxe5 8. a3 Bc5 9. b4 Bd4 10. e3 Qe7 11. Nd5 Qh4 12. exd4 Qe4+ 13. Be3 Ng4 14. Qd3 1-0

[Event "COL-chT"]
[Site "Ibague"]
[Date "2017.07.21"]
[Round "5.1"]
[White "Culma, Ruben"]
[Black "Trujillo Quesada, Harlinson"]
[Result "1/2-1/2"]
[WhiteElo "2072"]
[BlackElo "1917"]
[PlyCount "48"]
[EventDate "2017.07.19"]
[EventType "team-swiss"]
[EventRounds "6"]
[EventCountry "COL"]
[SourceTitle "CBM 179 Extra"]
[Source "ChessBase"]
[SourceDate "2017.08.23"]
[SourceVersion "1"]
[SourceVersionDate "2017.08.23"]
[SourceQuality "1"]
[WhiteTeam "Huila"]
[BlackTeam "Caqueta II"]
[WhiteTeamCountry "COL"]
[BlackTeamCountry "COL"]

1. b3 d5 2. Bb2 Nf6 3. g3 Bf5 4. Bg2 Nc6 5. Nf3 e6 6. 0-0 Bc5 7. a3 a6 8. d4 Bd6 9. c4 0-0 10. Nc3 Be4 11. Nxe4 Nxe4 12. Qc2 f5 13. e3 g5 14. b4 g4 15. Nh4 Be7 16. cxd5 exd5 17. Nxf5 Rxf5 18. Bxe4 dxe4 19. Qxe4 Qd5 20. Qxg4+ Rg5 21. Qe2 Bf6 22. Rac1 Re8 23. Qc4 Kg7 24. Qxd5 Rxd5 1/2-1/2

[Event "COL-chT"]
[Site "Ibague"]
[Date "2017.07.19"]
[Round "1.1"]
[White "Culma, Ruben"]
[Black "Gallego Alcaraz, Andres Felipe"]
[Result "1/2-1/2"]
[WhiteElo "2072"]
[BlackElo "2457"]
[PlyCount "84"]
[EventDate "2017.07.19"]
[EventType "team-swiss"]
[EventRounds "6"]
[EventCountry "COL"]
[SourceTitle "CBM 179 Extra"]
[Source "ChessBase"]
[SourceDate "2017.08.23"]
[SourceVersion "1"]
[SourceVersionDate "2017.08.23"]
[SourceQuality "1"]
[WhiteTeam "Huila"]
[BlackTeam "Antioquia"]
[WhiteTeamCountry "COL"]
[BlackTeamCountry "COL"]

1. d4 Nf6 2. c4 g6 3. Nc3 d5 4. cxd5 Nxd5 5. e4 Nxc3 6. bxc3 Bg7 7. Bc4 c5 8. Be3 Nc6 9. Ne2 0-0 10. 0-0 Bg4 11. f3 Bd7 12. Rb1 Na5 13. Bd5 Qc7 14. Bf4 Qc8 15. Qd2 e6 16. Bb3 Rd8 17. Rfd1 Bc6 18. Qe3 cxd4 19. cxd4 b6 20. Rbc1 Qa6 21. Nc3 Re8 22. d5 Nxb3 23. axb3 exd5 24. Nxd5 Bxd5 25. Rxd5 Rac8 26. Rxc8 Rxc8 27. h4 h5 28. e5 Re8 29. Bg3 Bf8 30. Kh2 Qc8 31. Qd3 Be7 32. Bf2 Rd8 33. e6 Rxd5 34. exf7+ Kxf7 35. Qxd5+ Kg7 36. Bd4+ Bf6 37. Bf2 Qg8 38. Qxg8+ Kxg8 39. Kg1 Kf7 40. Kf1 Ke6 41. Ke2 Kd5 42. Kd3 Bd8 1/2-1/2

[Event "COL sub zt 2.3.4"]
[Site "La Dorada"]
[Date "2016.11.03"]
[Round "2"]
[White "Gallego Alcaraz, Andres Felipe"]
[Black "Culma, Ruben"]
[Result "1-0"]
[WhiteElo "2440"]
[BlackElo "2060"]
[PlyCount "77"]
[EventDate "2016.11.02"]
[EventType "swiss"]
[EventRounds "9"]
[EventCountry "COL"]
[SourceTitle "CBM 175 Extra"]
[Source "ChessBase"]
[SourceDate "2016.12.12"]
[SourceVersion "1"]
[SourceVersionDate "2016.12.12"]
[SourceQuality "1"]

1. d4 g6 2. c4 Nf6 3. Nc3 Bg7 4. e4 d6 5. Nf3 c6 6. Be2 Nbd7 7. 0-0 0-0 8. Be3 Ng4 9. Bg5 h6 10. Bh4 h5 11. Qd2 Qe8 12. Rad1 b6 13. h3 Nh6 14. Ne1 Bb7 15. f4 f5 16. e5 dxe5 17. dxe5 Rd8 18. Qe3 Nc5 19. Nf3 Ne6 20. c5 b5 21. Nd4 Nxd4 22. Rxd4 Rxd4 23. Qxd4 Nf7 24. Bf3 Bc8 25. a4 a6 26. axb5 axb5 27. Ra1 Nd8 28. Ra7 Ne6 29. Qe3 Rf7 30. Bf2 Bh6 31. Ne2 Bf8 32. h4 Nd8 33. Rc7 Be6 34. Nd4 Bd5 35. Bxd5 cxd5 36. e6 Rf6 37. Rc8 b4 38. c6 Qxc6 39. Nxc6 1-0

[Event "Ortega op 5th"]
[Site "Ortega"]
[Date "2015.06.13"]
[Round "3"]
[White "Culma, Ruben"]
[Black "Valencia Lopez, Daily Vanessa"]
[Result "1-0"]
[WhiteElo "2063"]
[BlackElo "1587"]
[PlyCount "81"]
[EventDate "2015.06.12"]
[EventType "swiss"]
[EventRounds "7"]
[EventCountry "COL"]
[SourceTitle "CBM 167 Extra"]
[Source "ChessBase"]
[SourceDate "2015.09.14"]
[SourceVersion "1"]
[SourceVersionDate "2015.09.14"]
[SourceQuality "1"]

1. e4 c5 2. Nf3 d6 3. d4 cxd4 4. Nxd4 Nf6 5. Nc3 a6 6. Bc4 e5 7. Nf3 Be7 8. h3 Be6 9. Qe2 Nbd7 10. Bxe6 fxe6 11. Ng5 Nf8 12. Be3 h6 13. Nf3 Qc7 14. 0-0-0 N8d7 15. g4 b5 16. g5 Nh5 17. gxh6 gxh6 18. Nxe5 Nhf6 19. Ng6 Rh7 20. a3 Rc8 21. f4 Qc4 22. Qf3 h5 23. Rhe1 a5 24. Rd4 Qc6 25. Qd1 e5 26. fxe5 dxe5 27. Nxe7 Kxe7 28. Nd5+ Nxd5 29. exd5 Qxc2+ 30. Qxc2 Rxc2+ 31. Kxc2 exd4 32. Bf4+ Kd8 33. Kd3 Rf7 34. Bg5+ Kc7 35. Kxd4 Rf2 36. Rc1+ Kb7 37. d6 Rf7 38. Rc7+ Kb8 39. h4 Rg7 40. Kd5 Rf7 41. Ke6 1-0

[Event "Medellin Easter op"]
[Site "Medellin"]
[Date "2015.??.??"]
[Round "4"]
[White "Culma, Ruben"]
[Black "Arango Arenas, Juan Camilo"]
[Result "0-1"]
[WhiteElo "2105"]
[BlackElo "2183"]
[PlyCount "86"]
[EventDate "2015.04.01"]
[EventType "swiss"]
[EventRounds "9"]
[EventCountry "COL"]
[SourceTitle "CBM 165 Extra"]
[Source "ChessBase"]
[SourceDate "2015.04.21"]
[SourceVersion "1"]
[SourceVersionDate "2015.04.21"]
[SourceQuality "1"]

1. d4 Nf6 2. c4 c5 3. e3 cxd4 4. exd4 d5 5. cxd5 Nxd5 6. Nc3 Nc6 7. Bc4 Nb6 8. Bb5 a6 9. Bxc6+ bxc6 10. Nge2 g6 11. 0-0 Bg7 12. Bf4 0-0 13. Rc1 Be6 14. b3 Nd5 15. Nxd5 Qxd5 16. Rc5 Qd7 17. Qd2 Rfd8 18. Rd1 Rac8 19. Qe3 Qa7 20. Rd2 Bxd4 21. Rxd4 Qxc5 22. Rxd8+ Rxd8 23. f3 Qxe3+ 24. Bxe3 a5 25. Kf2 Bd5 26. Nc3 e5 27. Bg5 Re8 28. Na4 e4 29. Bd2 exf3 30. gxf3 Re5 31. h4 Rh5 32. Kg3 Rf5 33. f4 Be6 34. Be3 Rd5 35. Nc5 Rd1 36. Ne4 Bf5 37. Nf6+ Kg7 38. Ne8+ Kf8 39. Nf6 Ke7 40. Nxh7 f6 41. Bb6 Rd5 42. Kf3 Kf7 43. Ke3 Kg7 0-1

[Event "Bogota Navidad op"]
[Site "Bogota"]
[Date "2014.12.08"]
[Round "9"]
[White "Culma, Ruben"]
[Black "Torres, Juan Camilo"]
[Result "0-1"]
[WhiteElo "2062"]
[BlackElo "2321"]
[PlyCount "74"]
[EventDate "2014.12.04"]
[EventType "swiss"]
[EventRounds "9"]
[EventCountry "COL"]
[SourceTitle "CBM 163 Extra"]
[Source "ChessBase"]
[SourceDate "2014.12.23"]
[SourceVersion "1"]
[SourceVersionDate "2014.12.23"]
[SourceQuality "1"]

1. d4 d5 2. Bf4 c5 3. c3 Nc6 4. e3 Nf6 5. Bd3 Qb6 6. Qb3 c4 7. Qxb6 axb6 8. Bc2 e6 9. Nd2 b5 10. Ne2 b4 11. 0-0 Be7 12. h3 0-0 13. Rfc1 b5 14. f3 Bd7 15. e4 Ra6 16. e5 Ne8 17. Be3 Nc7 18. cxb4 Nxb4 19. a3 Nxc2 20. Rxc2 b4 21. b3 Rxa3 22. Rxa3 bxa3 23. bxc4 dxc4 24. Nxc4 Nd5 25. Ra2 Bb5 26. Nd6 Bxe2 27. Rxa3 Bxd6 28. exd6 Rd8 29. Bf2 f5 30. g4 f4 31. h4 h5 32. gxh5 Kh7 33. Kh2 Rxd6 34. h6 Kxh6 35. Kh3 Ra6 36. Rb3 Ra2 37. Kg4 Bc4 0-1

[Event "Bogota Navidad op"]
[Site "Bogota"]
[Date "2014.12.05"]
[Round "3"]
[White "Culma, Ruben"]
[Black "Jimenez, Jose Mauricio"]
[Result "1-0"]
[WhiteElo "2062"]
[BlackElo "2248"]
[PlyCount "103"]
[EventDate "2014.12.04"]
[EventType "swiss"]
[EventRounds "9"]
[EventCountry "COL"]
[SourceTitle "CBM 163 Extra"]
[Source "ChessBase"]
[SourceDate "2014.12.23"]
[SourceVersion "1"]
[SourceVersionDate "2014.12.23"]
[SourceQuality "1"]

1. d4 Nf6 2. Bf4 e6 3. c3 b6 4. Nf3 Bb7 5. Nbd2 Be7 6. h3 c5 7. e3 d6 8. Bb5+ Nbd7 9. 0-0 a6 10. Ba4 0-0 11. Rc1 Rc8 12. Bh2 h6 13. Bc2 b5 14. Re1 Qa5 15. Bb1 Rfd8 16. g4 cxd4 17. exd4 Bd5 18. Nb3 Qb6 19. Nbd2 g6 20. Qe2 Qb7 21. b3 Nb6 22. Bd3 Qd7 23. c4 bxc4 24. bxc4 Bb7 25. d5 e5 26. Qe3 Na4 27. Qxh6 Bf8 28. Qh4 Bg7 29. Ng5 Nc5 30. Bc2 a5 31. Rb1 Ba6 32. Re3 Rb8 33. Rf3 Rxb1+ 34. Bxb1 Rb8 35. Bd3 Rb2 36. Nde4 Ncxe4 37. Bxe4 Bxc4 38. Rxf6 Bxf6 39. Qh7+ Kf8 40. Ne6+ Ke7 41. g5 Bxg5 42. Nxg5 Qe8 43. Bg3 Rd2 44. Bh4 Rd1+ 45. Kh2 Bxd5 46. Nxf7+ Kf8 47. Nxd6 Qe6 48. Qh8+ Qg8 49. Qf6+ Bf7 50. Qe7+ Kg7 51. Bf6+ Kh7 52. Nxf7 1-0

[Event "Bogota Navidad op"]
[Site "Bogota"]
[Date "2014.12.05"]
[Round "4"]
[White "Fernandez Guillen, Ernesto J"]
[Black "Culma, Ruben"]
[Result "1-0"]
[WhiteElo "2361"]
[BlackElo "2062"]
[PlyCount "45"]
[EventDate "2014.12.04"]
[EventType "swiss"]
[EventRounds "9"]
[EventCountry "COL"]
[SourceTitle "CBM 163 Extra"]
[Source "ChessBase"]
[SourceDate "2014.12.23"]
[SourceVersion "1"]
[SourceVersionDate "2014.12.23"]
[SourceQuality "1"]

1. e4 a6 2. d4 b5 3. Nf3 Bb7 4. Bd3 d6 5. 0-0 Nd7 6. c3 g6 7. Re1 Bg7 8. a4 c6 9. h4 h5 10. Bg5 Qc7 11. axb5 cxb5 12. Nbd2 Nh6 13. c4 bxc4 14. Nxc4 Ng4 15. Rc1 Rd8 16. e5 dxe5 17. Ncxe5 Qb8 18. Nxg6 e6 19. Qb3 Qd6 20. Qxb7 fxg6 21. Bxg6+ Kf8 22. Bxd8 Rh6 23. Bc7 1-0

[Event "Neiva op 15th"]
[Site "Neiva"]
[Date "2014.11.17"]
[Round "7"]
[White "Culma, Ruben"]
[Black "Bolivar, Jeison"]
[Result "1/2-1/2"]
[WhiteElo "2056"]
[BlackElo "2051"]
[PlyCount "43"]
[EventDate "2014.11.14"]
[EventType "swiss"]
[EventRounds "7"]
[EventCountry "COL"]
[SourceTitle "CBM 163 Extra"]
[Source "ChessBase"]
[SourceDate "2014.12.23"]
[SourceVersion "1"]
[SourceVersionDate "2014.12.23"]
[SourceQuality "1"]

1. d4 Nf6 2. c4 g6 3. Nc3 d5 4. cxd5 Nxd5 5. e4 Nxc3 6. bxc3 Bg7 7. Bc4 c5 8. Ne2 Nc6 9. Be3 0-0 10. 0-0 Bg4 11. f3 Na5 12. Bd3 cxd4 13. cxd4 Be6 14. Qd2 Bc4 15. Rac1 b5 16. Rfd1 Bxd3 17. Qxd3 Nc4 18. Rc2 Nxe3 19. Qxe3 Qb6 20. Kf2 Rac8 21. Rdc1 Rxc2 22. Rxc2 1/2-1/2

[Event "Neiva op 15th"]
[Site "Neiva"]
[Date "2014.11.15"]
[Round "2"]
[White "Gomez, Carlos Alberto"]
[Black "Culma, Ruben"]
[Result "1-0"]
[WhiteElo "2025"]
[BlackElo "2056"]
[PlyCount "101"]
[EventDate "2014.11.14"]
[EventType "swiss"]
[EventRounds "7"]
[EventCountry "COL"]
[SourceTitle "CBM 163 Extra"]
[Source "ChessBase"]
[SourceDate "2014.12.23"]
[SourceVersion "1"]
[SourceVersionDate "2014.12.23"]
[SourceQuality "1"]

1. d4 Nf6 2. Nf3 e6 3. g3 c5 4. Bg2 Nc6 5. 0-0 cxd4 6. Nxd4 Bc5 7. Nb3 Be7 8. c4 0-0 9. Nc3 d6 10. e4 Rb8 11. Be3 b6 12. f4 Bb7 13. Qe2 a6 14. Rad1 Qc7 15. g4 Nd7 16. Kh1 Ba8 17. g5 Rfc8 18. Rf3 Nb4 19. Rh3 Qxc4 20. Qh5 Nf8 21. Rd4 b5 22. Rxc4 bxc4 23. Nd4 Nd3 24. Rf3 Rxb2 25. Rf1 g6 26. Qd1 e5 27. Nde2 Ne6 28. Qa4 exf4 29. Qd7 Rf8 30. Nxf4 Rb7 31. Qa4 Rb4 32. Qa3 Ndxf4 33. Bxf4 d5 34. exd5 Nxf4 35. Rxf4 Rb1+ 36. Nxb1 Bxa3 37. Nxa3 c3 38. Rc4 Rd8 39. Kg1 Kf8 40. Rxc3 Ke7 41. d6+ Ke6 42. Re3+ Kf5 43. Bxa8 Rxa8 44. h4 Rc8 45. Re7 Kg4 46. d7 Rc1+ 47. Kf2 Rd1 48. Ke2 Rd5 49. Nc4 Kxh4 50. Nb6 Rd6 51. Re8 1-0

[Event "Mosquera op"]
[Site "Mosquera"]
[Date "2014.11.02"]
[Round "6"]
[White "Culma, Ruben"]
[Black "Quinonez Garcia, Santiago"]
[Result "1/2-1/2"]
[WhiteElo "2056"]
[BlackElo "1926"]
[PlyCount "134"]
[EventDate "2014.10.30"]
[EventType "swiss"]
[EventRounds "9"]
[EventCountry "COL"]
[SourceTitle "EXT 2015"]
[Source "ChessBase"]
[SourceDate "2014.11.20"]
[SourceVersion "1"]
[SourceVersionDate "2014.11.20"]
[SourceQuality "1"]

1. d4 Nf6 2. c4 g6 3. Nc3 d5 4. Nf3 Bg7 5. Bg5 Ne4 6. Be3 Nxc3 7. bxc3 dxc4 8. Qa4+ c6 9. Qxc4 Be6 10. Qb4 Qb6 11. a3 Na6 12. Qxb6 axb6 13. Bd2 Nc7 14. e4 b5 15. Bd3 Bc4 16. Ke2 0-0 17. Rhb1 Bxd3+ 18. Kxd3 Rfd8 19. Kc2 Ra7 20. Be3 Rda8 21. Kb3 Ra4 22. Rd1 Ne8 23. e5 e6 24. Ra2 Nc7 25. Bc1 Nd5 26. Bd2 Bf8 27. Rda1 Nb6 28. Bc1 Nc4 29. Ne1 b6 30. f4 c5 31. Nf3 Na5+ 32. Kc2 c4 33. Nd2 Nc6 34. Rb1 R8a5 35. Rab2 Na7 36. Ne4 Bxa3 37. Nf6+ Kg7 38. g4 Bxb2 39. Bxb2 Nc6 40. h4 Ne7 41. h5 Nd5 42. h6+ Kh8 43. Nxd5 exd5 44. f5 Ra8 45. Re1 R4a7 46. Bc1 Ra2+ 47. Kb1 b4 48. Bb2 bxc3 49. Bxc3 Rg2 50. e6 fxe6 51. fxe6 Rxg4 52. Re5 Re4 53. Rxe4 dxe4 54. d5+ Kg8 55. d6 Kf8 56. Bf6 e3 57. Kc2 Ra2+ 58. Kb1 e2 59. Bh4 g5 60. d7 Rd2 61. e7+ Kxe7 62. Bxg5+ Kxd7 63. Bxd2 Ke6 64. Kc2 Kf6 65. Kc3 Kg6 66. Kxc4 e1Q 67. Bxe1 Kxh6 1/2-1/2

[Event "Mosquera op"]
[Site "Mosquera"]
[Date "2014.10.31"]
[Round "3"]
[White "Munoz Galvez, Jhon Edison"]
[Black "Culma, Ruben"]
[Result "1-0"]
[WhiteElo "2257"]
[BlackElo "2056"]
[PlyCount "101"]
[EventDate "2014.10.30"]
[EventType "swiss"]
[EventRounds "9"]
[EventCountry "COL"]
[SourceTitle "EXT 2015"]
[Source "ChessBase"]
[SourceDate "2014.11.20"]
[SourceVersion "1"]
[SourceVersionDate "2014.11.20"]
[SourceQuality "1"]

1. d4 Nf6 2. c4 c5 3. d5 b5 4. cxb5 a6 5. bxa6 g6 6. Nc3 Bxa6 7. g3 Bg7 8. Bg2 d6 9. Nf3 0-0 10. 0-0 Nbd7 11. Qc2 Qb6 12. h3 Rfb8 13. Rd1 Qb7 14. e4 Ne8 15. Rb1 Nc7 16. Bg5 Kf8 17. b3 Nb5 18. Nxb5 Qxb5 19. a4 Qa5 20. Bd2 Qd8 21. Bc3 f6 22. Bf1 Bxf1 23. Rxf1 Qc8 24. Kg2 Qa6 25. Nd2 Ne5 26. Bxe5 fxe5 27. Nc4 Kg8 28. Rfd1 Rf8 29. Rd3 Qb7 30. Rbd1 h5 31. Qe2 Qb4 32. Ra1 Kh7 33. h4 Bf6 34. Rf3 Rfb8 35. a5 Kg7 36. Ra4 Qb5 37. Qd3 Ra7 38. Qd1 Qd7 39. Nb6 Qg4 40. Rd3 Rxa5 41. Qxg4 hxg4 42. Rxa5 Rxb6 43. f3 g5 44. h5 c4 45. bxc4 Rb2+ 46. Kf1 gxf3 47. Rxf3 g4 48. Rf5 Rc2 49. c5 dxc5 50. d6 exd6 51. Ra7+ 1-0

[Event "Mosquera op"]
[Site "Mosquera"]
[Date "2014.10.30"]
[Round "1"]
[White "Alvarez Mendoza, Rafael"]
[Black "Culma, Ruben"]
[Result "0-1"]
[WhiteElo "1588"]
[BlackElo "2056"]
[PlyCount "54"]
[EventDate "2014.10.30"]
[EventType "swiss"]
[EventRounds "9"]
[EventCountry "COL"]
[SourceTitle "EXT 2015"]
[Source "ChessBase"]
[SourceDate "2014.11.20"]
[SourceVersion "1"]
[SourceVersionDate "2014.11.20"]
[SourceQuality "1"]

1. d4 Nf6 2. Nf3 b5 3. e3 a6 4. Nbd2 Bb7 5. Bd3 e6 6. a3 c5 7. c3 Nc6 8. dxc5 Bxc5 9. b4 Bb6 10. Bb2 d5 11. Rc1 0-0 12. 0-0 h6 13. Qc2 e5 14. e4 Rc8 15. Qb1 Qd6 16. Nh4 Ne7 17. Rfe1 Rcd8 18. Bc2 Bxf2+ 19. Kxf2 Qb6+ 20. Ke2 Ng4 21. Kd1 dxe4 22. Bxe4 Nf2+ 23. Ke2 Rxd2+ 24. Kxd2 Rd8+ 25. Ke2 Bxe4 26. Qa2 Bd3+ 27. Kf3 Qf6+ 0-1

[Event "Ortega op 4th"]
[Site "Ortega"]
[Date "2014.07.04"]
[Round "4"]
[White "Carrillo, Custodio"]
[Black "Culma, Ruben"]
[Result "0-1"]
[WhiteElo "1866"]
[BlackElo "2036"]
[PlyCount "62"]
[EventDate "2014.07.03"]
[EventType "swiss"]
[EventRounds "7"]
[EventCountry "COL"]
[SourceTitle "EXT 2015"]
[Source "ChessBase"]
[SourceDate "2014.11.20"]
[SourceVersion "1"]
[SourceVersionDate "2014.11.20"]
[SourceQuality "1"]

1. d4 Nf6 2. Nf3 g6 3. Bf4 Bg7 4. e3 d6 5. Nbd2 0-0 6. Bd3 Nc6 7. c3 Nh5 8. Bg5 Qe8 9. e4 h6 10. Be3 f5 11. exf5 gxf5 12. g3 e5 13. dxe5 dxe5 14. Bc5 Rf6 15. 0-0 b6 16. Ba3 Bb7 17. Re1 Rd8 18. Qe2 e4 19. Bc4+ Kh8 20. Rad1 Qg6 21. Nh4 Qg5 22. Nb3 Re8 23. Qe3 f4 24. Qd2 e3 25. fxe3 fxg3 26. Ng2 Ne5 27. Rf1 gxh2+ 28. Kxh2 Nxc4 29. Qe2 Ng3 30. Qxc4 Nxf1+ 31. Qxf1 Rxf1 0-1

[Event "Ortega op 4th"]
[Site "Ortega"]
[Date "2014.07.03"]
[Round "2"]
[White "Culma, Ruben"]
[Black "Pinilla, Diego Alexander"]
[Result "1-0"]
[WhiteElo "2036"]
[BlackElo "1690"]
[PlyCount "61"]
[EventDate "2014.07.03"]
[EventType "swiss"]
[EventRounds "7"]
[EventCountry "COL"]
[SourceTitle "EXT 2015"]
[Source "ChessBase"]
[SourceDate "2014.11.20"]
[SourceVersion "1"]
[SourceVersionDate "2014.11.20"]
[SourceQuality "1"]

1. d4 Nf6 2. c4 c5 3. d5 b5 4. cxb5 a6 5. bxa6 Bxa6 6. Nc3 d6 7. e4 Bxf1 8. Kxf1 Nbd7 9. f4 g6 10. Nf3 Bg7 11. g3 0-0 12. Kg2 Qb6 13. Qe2 Ne8 14. g4 Kh8 15. h4 e5 16. h5 gxh5 17. Rxh5 Nef6 18. Rh4 Rg8 19. f5 Nf8 20. g5 Ne8 21. Be3 Rb8 22. b3 Qd8 23. Rah1 Bf6 24. Kf1 Bxg5 25. Nxg5 Rxg5 26. Qh2 Rg7 27. Bh6 Qf6 28. Bxg7+ Qxg7 29. Rg1 Qf6 30. Rh6 Qe7 31. Qg3 1-0